000 00330nam a2200133Ia 4500
005 20260328104336.0
008 260328s9999||||xx |||||||||||||| ||und||
100 _ade Garrido, Luis
245 0 _aArtificial Nature Architecture /
_cLuis de Garrido
260 _bMonsa
300 _a95 p.
650 _aARQUITECTURA
942 _cBK
999 _c11889
_d11889